000
00307nam a2200133Ia 4500
008
210312s9999||||xx |||||||||||||| ||und||
041
_a
osm
050
_a
DR583
050
_b
S94
100
_a
Süleyman Nazif
245
0
_a
Batarya ile ateş
260
_c
1918
650
_a
Tarih--Türkiye--Osmanlı Devleti
999
_c
21951
_d
21951